000 00687nam a2200241Ia 4500
003 OSt
005 20220925211339.0
006 a|||||r|||| 00| 0
007 ta
008 220923b |||||||| |||| 00| 0 eng d
037 _cGeneral Book
040 _aRTL
_cRTL
_beng
041 _2eng
_aeng
082 _aV44Q7,1y7M76, K6
100 _aIspahani M A H
_9274403
245 0 _aQaid-e-Azam Jinnah as I Knew him
260 _aKarachi
_bForward Publications Trust
_c1966
300 _a244p
_ccm.
500 _aEplogne: P 243-44
650 _aPresident Pakistan
_9241950
942 _hV44Q7,1y7M76, K6
_cGB
_2CC
999 _c557416
_d557416